Movies Quiz

Random Movies or Disney Quiz

Ultimate Big Hero 6 Quiz Stats

 Plays Quiz not verified by Sporcle

Challenge
Share
Tweet
Embed
Score 0/90 Timer 20:00
0 Plays Today
Question Answer % Correct
How old is Hiro?14
93%
What color is Hiro's super suit?Purple
91.2%
What did Hiro create for the showcase?Microbots
82.4%
What is Hiro allergic to?Peanuts
78.6%
Who does Hiro defeat in bot fighting early in the film?Yama
75.3%
How old was Tadashi?18
75%
What incident ultimately took Tadashi's life?A fire
74.6%
What color is the lollipop Baymax gives Hiro?Red
74%
What color is Baymax's newer super suit?Red
74%
Who rebuilds Baymax in the end?Hiro Hamada
73.1%
What color is Baymax's healthcare chip?Green
71.9%
What color is Go Go's super suit?Yellow
71.4%
What does Baymax take from the police station?Scotch tape
71.3%
What color is the streak in Go Go's hair?Purple
69.4%
Fill in the blank: 'Physical? Or ______?'emotional
69.1%
What color is Honey Lemon's super suit?Pink
68.8%
Fill in the blank: 'Always wait one hour after eating before _______.'swimming
68%
What color is Wasabi's super suit?Green
66.2%
What is Baymax's nickname for Mochi?Hairy baby
63.2%
What did Wasabi spill on his shirt one time?Wasabi
63.1%
What does Go Go call the robotics lab?The nerd lab
62.5%
Fill in the blank: 'Look for a new _____!'angle
61.9%
What color is Fred's super suit?Blue
61.4%
Baymax learns what signature move from Hiro?Fist bump
60.2%
What snack food does Hiro love?GUMMY BEARS!
60.1%
Who voices Hiro Hamada?Ryan Potter
59.9%
Fill in the blank: 'Uh... why are you trying to _____ us?'kill
59.9%
What does Wasabi slice into bits for Hiro in the beginning of the film?An apple
59.6%
Fill in the blank: 'Now that's a chemical ________!'reaction
59.3%
What did Hiro call Baymax when he first saw him?A walking marshmallow
58%
Question Answer % Correct
Honey Lemon is fluent in two other languages than English. Name oneJapanese & Spanish
58%
What was Go Go working on in the robotics lab?Electro-mag suspension bike
57.4%
What event supposedly kills Callaghan?A fire
56.7%
Fill in the blank: 'Stop whining, _____ up.'woman
56.4%
What color is Tadashi's moped?Red
55.5%
Fill in the blank: 'Nothing is better than free _____!'food
55%
Fill in the blank: '______ eating! Because of you!'Stress
54.6%
What did Krei want to buy from Hiro?Hiro's Microbots
54.4%
What color was Wasabi's car?Yellow
53.8%
How many times did it take Tadashi to get Baymax to work?84
52%
What does Honey Lemon major in?Chemistry
52%
Fill in the blank: 'We've invited all these ______.'people
49.3%
Honey Lemon loves to do what with her phone?Take photos
49%
What is Callaghan's first name?Robert
46.9%
Which Frozen character makes a couple of cameos in the film?Prince Hans
44.7%
What does Fred collect?Comic books
41.7%
What sports toy is Baymax often featured with?Soccer ball
41.1%
Where does the film take place?San Fransokyo
40.7%
What is Wasabi working on in the lab?Laser induced plasma
40.5%
Fill in the blank: 'I love that ______!'robot
40.2%
What band had two of their songs featured in the trailer and film?Fall Out Boy
40.1%
What does Fred do for a living?School mascot
38.6%
Who voices Tadashi Hamada?Daniel Henney
38.4%
Who voices Go Go Tomago?Jamie Chung
37.4%
What does Aunt Cass make for special dinner nights?Wings
36.9%
Fill in the blank: 'Good luck with the ____ _______.'bot fights
36.2%
Honey Lemon brings back what from the island?A flashdrive
35.9%
Who voices Baymax?Scott Adsit
34.1%
How long has it been since Fred has done laundry?6 months
34.1%
How tall is Go Go?5'4
33.9%
Question Answer % Correct
Where does Callaghan work?San Fransokyo Institute of Technology
33.6%
Which main character was not in the original comic?Tadashi
33.5%
Who voices Fred?T.J. Miller
32.9%
What is Abigail's occupation?Pilot
32.7%
What was originally going to be Wasabi's last name?No-Ginger
32.1%
What is the name of the café Aunt Cass owns?Lucky Cat Café
32.1%
Who voices Honey Lemon?Genesis Rodriguez
31.2%
What kind of vehicle does Aunt Cass drive?Pick up truck
31.1%
How tall is Honey Lemon?6'2
30.8%
Who voices Aunt Cass?Maya Rudolph
28.4%
What is Go Go's real name?Ethel
28%
How tall is Wasabi?6'4
27.8%
What does the logo on Tadashi's hat stand for?San Fransokyo Ninjas
27.7%
Who voices Wasabi?Damon Wayans, Jr.
26.9%
What is Honey Lemon working on in the robotics lab?Chemical metal embrittlement
26.6%
How tall is Fred?6'0
25%
What number of film is Big Hero 6 in the Disney animated lineup?54
25%
What short premiered before Big Hero 6?Feast
25%
What project was Krei working on until the government shut it down?Project Silent Sparrow
24.7%
Who voices Alistair Krei?Alan Tudyk
23.5%
Who voices Professor Callaghan?James Cromwell
22.9%
What day did the film debut in America?November 7, 2014
21.5%
What did Big Hero 6 win an Oscar for?Best Animated Film
19.9%
Who voices Abigail Callaghan?Katie Lowes
19%
What is Abigail's final fate?She is rescued by Hiro and Baymax
17.8%
Who directed Big Hero 6?Chris Williams & Don Hall
15.1%
Where is the hidden Mickey in the film?On a crate/Hiro's shoe
14.3%
What is the mascot of SFIT?A ninja
13.8%
What building shows up on the SFIT campus at the end of the film?Tadashi Hamada Hall
12.9%
How much did Big Hero 6 cost to make?$165 million
12.4%

You're not logged in!

Compare scores with friends on all Sporcle quizzes.
Join for Free
OR
Log In

You Might Also Like...

Show Comments

Extras

Created Mar 22, 2015ReportNominate
Tags:Disney Quiz, Disney Films

Top Quizzes Today


Score Distribution

Your Account Isn't Verified!

In order to create a playlist on Sporcle, you need to verify the email address you used during registration. Go to your Sporcle Settings to finish the process.

Report this User

Report this user for behavior that violates our Community Guidelines.

Details: